|
|
|
|
| LEADER |
00000nab a2200000 a 4500 |
| 001 |
vtls008641091 |
| 003 |
SK-MaSNL |
| 005 |
20260426074505.0 |
| 008 |
140328c2005 xo mr|p|||||||000 b|slo |
| 015 |
|
|
|a SNBRB2006/04
|2 snkbucl
|
| 038 |
|
|
|a SNKBUCL
|
| 040 |
|
|
|a SNKBUCL
|b slo
|c SNKBUCL
|e AACR2
|
| 041 |
0 |
|
|a slo
|
| 044 |
|
|
|a xo
|c SK
|
| 080 |
|
|
|a 2-051
|2 1997
|
| 080 |
|
|
|a 262.13
|2 1997
|
| 100 |
1 |
|
|a Dian, Daniel,
|d 1953-
|4 aut
|9 101588
|
| 245 |
1 |
0 |
|a Svet má nového pápeža - Benedikta XVI.
|c Daniel Dian
|
| 300 |
|
|
|b Fotogr.
|
| 600 |
0 |
7 |
|a Benedikt
|b XVI.,
|c pápež,
|d 1927-2022
|2 snkbucl
|9 100181
|
| 610 |
2 |
7 |
|a Katolícka cirkev.
|b Pápež (2005-2013 : Benedikt XVI.)
|2 snkbucl
|9 163510
|
| 648 |
|
7 |
|a 19.4.2005
|2 snkbucl
|9 694981
|
| 650 |
0 |
7 |
|a zvolenie
|2 snkbucl
|9 877965
|
| 651 |
|
7 |
|a Vatikán
|2 snkbucl
|9 31476
|
| 773 |
0 |
|
|t Duchovný pastier
|g Roč. 86, č. 5 (2005), s. 267-270
|x 0139-861X
|
| 852 |
|
|
|a SNK
|b KIS3GCP
|
| 958 |
|
|
|a BC
|
| 958 |
|
|
|a VA
|
| 999 |
|
|
|c 2739638
|d 2741568
|